स्वप्नपंख. (Record no. 1326424)

MARC details
000 -LEADER
fixed length control field 00588nam a2200181Ia 4500
008 - FIXED-LENGTH DATA ELEMENTS--GENERAL INFORMATION
fixed length control field 151202s9999||||xx |||||||||||||| ||und||
082 ## - DEWEY DECIMAL CLASSIFICATION NUMBER
Item number PNVM-59890
100 ## - MAIN ENTRY--PERSONAL NAME
Personal name मलोसे राजेंद्र.
245 ## - TITLE STATEMENT
Title स्वप्नपंख.
260 ## - PUBLICATION, DISTRIBUTION, ETC. (IMPRINT)
Name of publisher, distributor, etc "देशमुख आणि कंपनी,पुणे."
260 ## - PUBLICATION, DISTRIBUTION, ETC. (IMPRINT)
Date of publication, distribution, etc 59890
300 ## - PHYSICAL DESCRIPTION
Extent 480
600 ## - SUBJECT ADDED ENTRY--PERSONAL NAME
Personal name मलोसे राजेंद्र.
630 ## - SUBJECT ADDED ENTRY--UNIFORM TITLE
Uniform title स्वप्नपंख.
700 ## - ADDED ENTRY--PERSONAL NAME
Personal name मलोसे राजेंद्र.
730 ## - ADDED ENTRY--UNIFORM TITLE
Uniform title स्वप्नपंख.
942 ## - ADDED ENTRY ELEMENTS (KOHA)
Koha item type Book
Holdings
Withdrawn status Lost status Damaged status Not for loan Home library Current library Date acquired Cost, normal purchase price Total Checkouts Full call number Barcode Date last seen Cost, replacement price Price effective from Koha item type
        Pune Nagar Vachan Mandir, Pune Pune Nagar Vachan Mandir, Pune 06/21/2015 0.00   PNVM-59890 PNVM-59890 12/02/2015 0.00 12/02/2015 Book